|
|
|
|
| LEADER |
00000nam0a2200000 4500 |
| 001 |
267582 |
| 005 |
20231101234106.0 |
| 035 |
|
|
|a (RuTPU)RU\TPU\book\290639
|
| 090 |
|
|
|a 267582
|
| 100 |
|
|
|a 20140731d1986 k y0rusy50 ca
|
| 101 |
0 |
|
|a rus
|
| 102 |
|
|
|a RU
|
| 105 |
|
|
|a a z 001zy
|
| 200 |
1 |
|
|a Сейсмотектоника зоны Главного Копетдагского разлома
|f А. И. Полетаев
|g Академия наук СССР (АН СССР) ; под ред. Ю. К. Щукина ; Г. П. Горшкова
|
| 210 |
|
|
|a Москва
|c Наука
|d 1986
|
| 215 |
|
|
|a 135 с.
|c ил.
|
| 320 |
|
|
|a Библиогр.: с. 123-133
|
| 606 |
1 |
|
|a Сейсмотектоника
|2 stltpush
|3 (RuTPU)RU\TPU\subj\54403
|9 72560
|
| 610 |
1 |
|
|a Копетдагский разлом
|
| 610 |
1 |
|
|a тектоника
|
| 610 |
1 |
|
|a развитие
|
| 610 |
1 |
|
|a структура
|
| 610 |
1 |
|
|a геодинамические модели
|
| 675 |
|
|
|a 551.24
|v 4
|
| 700 |
|
1 |
|a Полетаев
|b А. И.
|g Анатолий Иванович
|
| 702 |
|
1 |
|a Щукин
|b Ю. К.
|4 340
|
| 702 |
|
1 |
|a Горшков
|b Г. П.
|4 340
|
| 712 |
0 |
2 |
|a Академия наук СССР (АН СССР)
|c (1925-1991)
|2 stltpush
|3 (RuTPU)RU\TPU\col\722
|
| 801 |
|
1 |
|a RU
|b 63413507
|c 20140731
|
| 801 |
|
2 |
|a RU
|b 63413507
|c 20170217
|g RCR
|
| 942 |
|
|
|c BK
|